00495nam a22001457a 4500020001800000082001200018100002200030245003900052260006000091300000800151650001900159942000700178952014700185999001700332 a9789382762872 a270 PUL aPuliurumpil James aHistory of the Syro-Malabar Church aKottayambOriental Institute of Religious Studiesc2013 a380 aChurch HIstory cBK 00104070aHMIbHMId2016-03-10eorientail Institue of ....... Kottayamg240.00l1m1o270 PULp25027r2019-08-23s2018-12-13w2026-01-16yBK c19982d19982